000
00267nam a2200109Ia 4500
008
200302s9999 xx 000 0 und d
100
_a
Miquel Ferron
245
_a
Airbrush Painting
260
_b
Watson Guptill Publications, New York
260
_c
1988
300
_a
112 P
999
_c
4539
_d
4539